Three conceptions of a theory of institutions (Record no. 509284)

000 -LEADER
fixed length control field 01019nam a2200157 4500
008 - FIXED-LENGTH DATA ELEMENTS--GENERAL INFORMATION
fixed length control field 190429b ||||| |||| 00| 0 eng d
100 ## - MAIN ENTRY--PERSONAL NAME
Personal name Aydinonat, N. Emrah
245 ## - TITLE STATEMENT
Title Three conceptions of a theory of institutions
260 ## - PUBLICATION, DISTRIBUTION, ETC. (IMPRINT)
Date of publication, distribution, etc 2018
300 ## - PHYSICAL DESCRIPTION
Extent p.550-568.
520 ## - SUMMARY, ETC.
Summary, etc We compare Guala’s unified theory of institutions with that of Searle and Greif. We show that unification can be many things and it may be associated with diverse explanatory goals. We also highlight some of the important shortcomings of Guala’s account: it does not capture all social institutions, its ability to bridge social ontology and game theory is based on a problematic interpretation of the type-token distinction, and its ability to make social ontology useful for social sciences is hindered by Guala’s interpretation of social institution types as social kinds akin to natural kinds. - Reproduced.
700 ## - ADDED ENTRY--PERSONAL NAME
Personal name Ylikpski, Petri
9 (RLIN) 4898
773 ## - HOST ITEM ENTRY
Main entry heading Vikalpa
906 ## - LOCAL DATA ELEMENT F, LDF (RLIN)
Subject DIP Institution building
942 ## - ADDED ENTRY ELEMENTS (KOHA)
Source of classification or shelving scheme
Item type Articles
Holdings
Withdrawn status Lost status Source of classification or shelving scheme Damaged status Not for loan Permanent location Current location Date acquired Serial Enumeration / chronology Barcode Date last seen Koha item type
          Indian Institute of Public Administration Indian Institute of Public Administration 2019-04-29 48(6), Dec, 2018: p.550-568. AR119520 2019-04-29 Articles

Powered by Koha